La Iglesia Católica
Salvato in:
| Autore principale: | |
|---|---|
| Altri autori: | |
| Natura: | Libro |
| Lingua: | inglese spagnolo |
| Pubblicazione: |
Barcelona, España
Random House Mondadori S. A
2013
|
| Edizione: | Primera edición |
| Serie: | Historia
|
| Soggetti: | |
| Tags: |
Aggiungi Tag
Nessun Tag, puoi essere il primo ad aggiungerne!!
|
MARC
| LEADER | 00000nam a22000007a 4500 | ||
|---|---|---|---|
| 003 | CL-VaPUC | ||
| 005 | 20250103100419.0 | ||
| 008 | 210603b ||||| |||| 00| 0 eng d | ||
| 999 | |c 433028 |d 433026 | ||
| 020 | |a 9788499923499 | ||
| 040 | |c Pontificia Universidad Católica de Valparaíso | ||
| 041 | 0 | |a spa | |
| 082 | 0 | 4 | |2 21 |a 282 KUN 2013 |
| 100 | |a Küng, Hans |e autor |9 861209 | ||
| 245 | 1 | 3 | |a La Iglesia Católica |
| 250 | |a Primera edición | ||
| 260 | 3 | |a Barcelona, España |b Random House Mondadori S. A |c 2013 | |
| 300 | |a 221 páginas | ||
| 490 | |a Historia | ||
| 500 | |a Donación VRA N. Vásquez L. | ||
| 583 | |c 20210603 |k Daniel Castañeda | ||
| 650 | 0 | 0 | |a Iglesia Católica |9 256114 |
| 650 | 0 | 0 | |a Historia de la iglesia |9 257565 |
| 700 | 1 | |a Borras, Albert |e traductor |9 861210 | |
| 942 | |2 ddc |c BK | ||
| 952 | |0 0 |1 0 |2 ddc |4 0 |6 282_000000000000000_KUN_2013 |7 0 |8 A |9 577985 |a BIBHIS |b BIBHIS |d 2021-06-03 |i 5621682 |o 282 KUN 2013 |p 5621682 |r 2025-01-20 |t 1 |w 2021-06-03 |y BK |k HIS | ||